00298nam a2200121Ia 4500008004100000041000800041082001700049100001700066245002500083260003400108300002300142365001100165240624s9999 xx 000 0 und d aeng a658.4038 ODE aO DELL CARLA aKNOWLEDGE MANAGEMENT aNew DelhibTata McGraw - Hill a67 : p. : cm. ; 22 cRSb33